ՀՀ Գիտությունների ազգային ակադեմիայի հիմնարար գիտական գրադարան  =   Fundamental Scientific Library of NAS RA

Ուրախ ժամանց : (Record no. 93805)

MARC details
000 -LEADER
fixed length control field 01092nam a2200205 u 4500
001 - CONTROL NUMBER
control field 000259728
003 - CONTROL NUMBER IDENTIFIER
control field AM-YeHGA
005 - DATE AND TIME OF LATEST TRANSACTION
control field 20250618071735.0
008 - FIXED-LENGTH DATA ELEMENTS--GENERAL INFORMATION
fixed length control field 030909s1961 ai r 000 0 arm d
040 ## - CATALOGING SOURCE
Original cataloging agency AM-YeHGA
090 ## - LOCALLY ASSIGNED LC-TYPE CALL NUMBER (OCLC); LOCAL CALL NUMBER (RLIN)
Classification number (OCLC) (R) ; Classification number, CALL (RLIN) (NR) ՈՒ-89
090 ## - LOCALLY ASSIGNED LC-TYPE CALL NUMBER (OCLC); LOCAL CALL NUMBER (RLIN)
-- 95105
245 00 - TITLE STATEMENT
Title Ուրախ ժամանց :
Remainder of title (Մասսայական խաղեր, ատրակցիոններ) /
Statement of responsibility, etc. Կազմ. և թարգմ.՝ Ա. Իսկանդարյան ; ՀՍՍՌ կուլտ. մին. կուլտ.-լուս. հիմնարկ. գործ. վարչ. ժող. ստեղծ. ռեսպ. տուն.
260 ## - PUBLICATION, DISTRIBUTION, ETC.
Place of publication, distribution, etc. Երևան :
Name of publisher, distributor, etc. Հայպետհրատ,
Date of publication, distribution, etc. 1961.
300 ## - PHYSICAL DESCRIPTION
Extent 135 էջ :
Other physical details նկ. ;
Dimensions 20 սմ.
440 #0 - SERIES STATEMENT/ADDED ENTRY--TITLE
Title Գեղարվեստական ինքնագործունեության գրադարան
Volume/sequential designation 13
650 14 - SUBJECT ADDED ENTRY--TOPICAL TERM
Topical term or geographic name entry element Սպորտ
9 (RLIN) 5297
700 1# - ADDED ENTRY--PERSONAL NAME
Personal name Իսկանդարյան, Ա.
Relator term կազմ.
Relationship com
710 2# - ADDED ENTRY--CORPORATE NAME
Corporate name or jurisdiction name as entry element Հայկական ՍՍՌ կուլտուրայի մինիստրության.
Subordinate unit Կուլտ-լուս. հիմնարկների գործերի վարչության ժող. ստեղծագործության ռեսպուբլիկական տուն
Holdings
Withdrawn status Lost status Damaged status Not for loan Collection Home library Current library Date acquired Total checkouts Full call number Barcode Date last seen Cost, replacement price Price effective from Koha item type Public note
        General Fundamental Scientific Library Fundamental Scientific Library 22/12/2016   AII/24174 FL0002319 22/12/2016 36.00 22/12/2016 Գրքեր / Books 30 Days Loan
        General Fundamental Scientific Library Fundamental Scientific Library 22/12/2016   AII/38783 220038783 22/12/2016   22/12/2016 Գրքեր / Books 30 Days Loan


ՀՀ ԳԱԱ հիմնարար գիտական գրադարան
ՀՀ,Երևան 0019
Մարշալ Բաղրամյան 24/6
հեռախոս:(374-10) 52-47-50
Հետադարձ կապ

All site content, except where otherwise noted, is licensed under a
Creative Commons License